000 00478nam a2200193Ia 4500
003 LK-CoDNM
008 010623t1977 xxu||||| |||| 00| 1 eng d
040 _aLK-CoDNM
_dLK-CoDNM
_eLK-CoDNM
041 _aeng
080 _a30.8
100 _aNewman,Harold.
245 3 _aAn Illustrated Dictionary of Ceramics
260 _bThames Hudson
_c1977
300 _b351p., 24 100: 0-500-27451-7 cm
650 _aDesign
650 _aGlass
650 _aPottery
942 _cBK
999 _c110037
_d110037